| 000 | 00501nam a2200205Ia 4500 | ||
|---|---|---|---|
| 008 | 210210b1988 xxu||||| |||| 00| 0 eng d | ||
| 020 | _a074861267X | ||
| 041 | _aeng | ||
| 082 | _a321.8 BLAD | ||
| 100 | _aBLAUG (Ricardo) | ||
| 245 | _aDemocracy: a reader | ||
| 260 |
_aEdinburgh _bEdinburgh University Press _c1988 |
||
| 300 | _axix-571 | ||
| 650 | _areader | ||
| 650 | _aDemocracy: | ||
| 650 | _aa | ||
| 690 | _aModern Governments | ||
| 700 | _aSCHWARZMANTEL (John) Ed | ||
| 906 | _a066191 | ||
| 999 |
_c146575 _d146575 |
||